Statistics for Top 10 Strongest Naruto Characters of All Time 2016

Click here to take the quiz!

General Stats

  • This quiz has been taken 1,535 times
  • The average score is 5 of 10

Answer Stats

Answer % Correct
Seventh StrongestNaruto Uzumaki
100%
Sixth StrongestSasuke Uchiha
97%
Third StrongestMadara Uchiha
90%
Ninth StrongestObito Uchiha
69%
StrongestKaguya Otsutsuki
65%
Second StrongestHagoromo Otsutsuki
36%
Fourth StrongestHamura Otsutsuki
17%
Fifth StrongestMomoshiki Otsutsuki
13%
Eighth StrongestToneri Otsutsuki
10%
Tenth StrongestKinshiki Otsutsuki
7%

Score Distribution

Percentile by Number Answered

Percent of People with Each Score

Your Score History

You have not taken this quiz